000 00457cam a2200181 4500
001 D13518
008 090401t1952 xxu||||| |||| 00| 0 eng d
035 _a(Sirsi) u10116
041 _aeng
100 _aNicholls, A.W.
245 _aCompensation for the compulsory acquisition of land
260 _aHadleigh, Essex
_bThames Bank Publishing Company
_c1952
300 _a448p
350 _a0
520 _aShelf 158
942 _n0
948 _c04/03/1997
999 _c86705
_d86705